000 00565nam a2200229 4500
001 1243971
005 20180301040434.0
008 730115s1972 nyua b 001 0 eng
010 _a 72082874
020 _a0814453082
040 _aDLC
_cDLC
_dDLC
041 _aeng
080 _a658.4 MAC
082 0 0 _a658.4 MAC
100 1 _a58
101 _aBIZ
245 1 4 _aThe time trap
_c[by] R. Alec Mackenzie.
350 _a$8.95
504 _aIncludes bibliographical references.
906 _a7
_bcbc
_corignew
_d2
_eopcn
_f19
_gy-gencatlg
942 _2ddc
_cBK
999 _c43775
_d43775